000 00535nam a22001817a 4500
999 _c5464
_d5464
003 AR-CdUCM
008 190312b ||||| |||| 00| 0 spa d
040 _aMUNICIPALIDAD PROVINCIAL DEL CUSCO
_cBIBLIOTECA MUNICIPAL DEL CUSCO
082 _a869.81 /
_bG18
100 _aGaleano, Eduardo
_98558
245 _aDías y noches de amor y de guerra /
260 _aCuba :
_bCasa de las Américas,
_c1978.
300 _a219 páginas ;
_c20 cm.
505 _aContenido: Novela.
650 _aNovela.
_95
942 _2ddc
_cLIBROS
945 _awfj